Normal view
MARC view
- ذياب، مفتاح محمد
Entry Personal Name
001 - CONTROL NUMBER
- control field: 8282
003 - CONTROL NUMBER IDENTIFIER
- control field: JO-AjAnu
005 - DATE AND TIME OF LATEST TRANSACTION
- control field: 20230606071634.0
008 - FIXED-LENGTH DATA ELEMENTS
- fixed length control field: 230606|| aca||aabn | a|a d
040 ## - CATALOGING SOURCE
- Original cataloging agency: JO-AjAnu
- Transcribing agency: JO-AjAnu
100 ## - HEADING--PERSONAL NAME
- Personal name: ذياب، مفتاح محمد
670 ## - SOURCE DATA FOUND
- Source citation: Work cat.: (JO-AjAnu)4277: ذياب، مفتاح محمد, author, مقدمة في تاريخ العلوم في الحضارة الاسلامية